000 00333nam a22001457a 4500
020 _a81-8482-169-7
082 _a823
_bPAI/A
100 _aPAI, ANANT
245 _aASHWINI KUMARS
260 _aMUMBAI
_bAMAR CHITHRA KATHA
300 _a32
520 _aENGLISH SHORT STORIES
650 _aENGLISH SHORT STORIES
_zMUMBAI
942 _cBK
999 _c5203
_d5203